000 00702nam a2200217Ia 4500
008 101110s9999 xx 000 0 und d
041 _aENGLISH
082 _bSR28699
100 _aSayer Michael and Mansingh Abhai
245 _aMeasurement, instrumentation and experiment design in physics and engineering
260 _c2005
_bPrentice Hall of India, New Delhi
300 _a360
365 _b195
520 _aPhysics
546 _aENGLISH
630 _aMeasurement, instrumentation and experiment design in physics and engineering
650 _aPhysics
655 _aPhysics
730 _aMeasurement, instrumentation and experiment design in physics and engineering
942 _cBOOK
999 _c821226
_d821223